=LDR 00000nam 2200000 4500 =001 INLIS000000000005370 =005 20251015082337 =035 ##$$a 0010-1025000425 =007 ta =008 251015###########################0#eng## =082 ##$$a 304.8 =084 ##$$a 304.8 CHA s =100 #$$a Charles Lerman =245 1#$$a Sex Defferential Patterns Of Circular Migration A Case Study Of Semarang Indonesia /$c Badan Koordinasi Keluarga Berencana Nasional =260 ##$:$b Badan Koordinasi Keluarga Berencana Nasional =300 ##$$a 19 Hal : $b Ilus ; $c 21 =650 #4$$a Keluarga Berencana =856 ##$$a Perpustakaan Kemendukbangga